00477nam a2200145Ia 4500008004100000041000800041082001200049100001600061245004400077260003200121300003200153365001100185999001700196952011800213240624s9999 xx 000 0 und d aeng a828 MEN aMENON MEENA aRIOTS AND AFTER IN MUMBAI CHRONICLES OF c2012aNew DelhibSage India axcii, : 266 : p. : cm. ; 22 cRSb40 c21700d21700 00104070aIMTNbIMTNcRack 42-Ad2013-09-06eAPg595.00o828 MENp21700r2024-06-24 00:00:00t1w2024-06-24yBK